Etica y progreso : nuevos valores en un mundo revolucionario
Na minha lista:
| Autor principal: | |
|---|---|
| Formato: | Livro |
| Idioma: | espanhol |
| Publicado em: |
México D.F :
Grijalbo,
1968
|
| coleção: | Enlace iniciación
|
| Assuntos: |
MARC
| LEADER | 00000nam#a2200000#a#4500 | ||
|---|---|---|---|
| 001 | 012459 | ||
| 005 | 20160721151359.0 | ||
| 008 | 961004s1968####mx##################spa#d | ||
| 020 | |a 9684194471 | ||
| 040 | |a AR-beUNQ | ||
| 099 | |a 03-S27 | ||
| 100 | 1 | |a Selsam, Howard | |
| 245 | 0 | 0 | |a Etica y progreso : nuevos valores en un mundo revolucionario |c Howard Selsam. |
| 260 | |a México D.F : |b Grijalbo, |c 1968 | ||
| 300 | |a [160] p | ||
| 490 | 0 | |a Enlace iniciación | |
| 650 | 7 | |a ETICA |2 Spines | |
| 650 | 7 | |a VALORES SOCIOCULTURALES |2 Spines | |
| 929 | |j 18720 | ||
| 929 | |j 19228 | ||
| 942 | |c LIB |n 0 | ||
| 999 | |c 14874 |d 90261 | ||